<?xml version="1.0" encoding="UTF-8"?>
<record
    xmlns:xsi="http://www.w3.org/2001/XMLSchema-instance"
    xsi:schemaLocation="http://www.loc.gov/MARC21/slim http://www.loc.gov/standards/marcxml/schema/MARC21slim.xsd"
    xmlns="http://www.loc.gov/MARC21/slim">

  <leader>00903nam a22002297a 4500</leader>
  <controlfield tag="005">20180703143823.0</controlfield>
  <datafield tag="010" ind1=" " ind2=" ">
    <subfield code="a">1718EN-30 ENG-121822         B-688319-329</subfield>
  </datafield>
  <datafield tag="020" ind1=" " ind2=" ">
    <subfield code="c">110.00</subfield>
    <subfield code="a">9788126042562</subfield>
  </datafield>
  <datafield tag="035" ind1=" " ind2=" ">
    <subfield code="a">EN-105354</subfield>
  </datafield>
  <datafield tag="035" ind1=" " ind2=" ">
    <subfield code="a">B-688319-329</subfield>
  </datafield>
  <datafield tag="037" ind1=" " ind2=" ">
    <subfield code="b">Sahitya Akadmi</subfield>
    <subfield code="a">dpl</subfield>
  </datafield>
  <datafield tag="037" ind1=" " ind2=" ">
    <subfield code="b">DBAD/PUB</subfield>
  </datafield>
  <datafield tag="082" ind1=" " ind2=" ">
    <subfield code="a">881</subfield>
  </datafield>
  <datafield tag="100" ind1=" " ind2=" ">
    <subfield code="a">Mohanty, Phani </subfield>
  </datafield>
  <datafield tag="245" ind1=" " ind2=" ">
    <subfield code="a">The hunt : </subfield>
    <subfield code="c">by Phani Mohanty ; translated by Jitindra Mohan Mohanty </subfield>
    <subfield code="b">Mrugaya / </subfield>
  </datafield>
  <datafield tag="260" ind1=" " ind2=" ">
    <subfield code="a">New Delhi </subfield>
    <subfield code="b">Sahitya Academi </subfield>
    <subfield code="c">2016</subfield>
  </datafield>
  <datafield tag="270" ind1=" " ind2=" ">
    <subfield code="b">New Delhi </subfield>
    <subfield code="a">Rabindra Bhawan, 35, Fiiroz Shah Marg</subfield>
    <subfield code="e">110001</subfield>
  </datafield>
  <datafield tag="300" ind1=" " ind2=" ">
    <subfield code="a">97p.</subfield>
    <subfield code="c">21cm(pbk)</subfield>
  </datafield>
  <datafield tag="700" ind1=" " ind2=" ">
    <subfield code="a">Mohanty, Jatindra Mohan</subfield>
  </datafield>
  <datafield tag="942" ind1=" " ind2=" ">
    <subfield code="2">ddc</subfield>
    <subfield code="c">EN</subfield>
    <subfield code="m">MOH</subfield>
    <subfield code="h">881</subfield>
  </datafield>
  <datafield tag="999" ind1=" " ind2=" ">
    <subfield code="c">146201</subfield>
    <subfield code="d">146201</subfield>
  </datafield>
  <datafield tag="952" ind1=" " ind2=" ">
    <subfield code="0">0</subfield>
    <subfield code="1">0</subfield>
    <subfield code="4">0</subfield>
    <subfield code="7">1</subfield>
    <subfield code="8">NFIC</subfield>
    <subfield code="a">DBAD</subfield>
    <subfield code="b">BN</subfield>
    <subfield code="d">2017-12-09</subfield>
    <subfield code="e">DBAD/PUB</subfield>
    <subfield code="g">110.00</subfield>
    <subfield code="l">0</subfield>
    <subfield code="o">881 MOH</subfield>
    <subfield code="p">EN-105354</subfield>
    <subfield code="r">2017-12-09 00:00:00</subfield>
    <subfield code="t">1</subfield>
    <subfield code="v">110.00</subfield>
    <subfield code="y">EN</subfield>
  </datafield>
  <datafield tag="952" ind1=" " ind2=" ">
    <subfield code="0">0</subfield>
    <subfield code="1">0</subfield>
    <subfield code="4">0</subfield>
    <subfield code="7">0</subfield>
    <subfield code="8">NFIC</subfield>
    <subfield code="a">L</subfield>
    <subfield code="b">L</subfield>
    <subfield code="d">2018-07-03</subfield>
    <subfield code="e">Noth India NIP/287/17-18/28.11.2017/665/20.11.2017/13.01.2018</subfield>
    <subfield code="g">110.00</subfield>
    <subfield code="l">3</subfield>
    <subfield code="o">881 MOH</subfield>
    <subfield code="p">B-688319</subfield>
    <subfield code="r">2024-11-26 00:00:00</subfield>
    <subfield code="s">2024-11-25</subfield>
    <subfield code="t">1</subfield>
    <subfield code="v">110.00</subfield>
    <subfield code="w">2018-07-03</subfield>
    <subfield code="y">EN</subfield>
  </datafield>
  <datafield tag="952" ind1=" " ind2=" ">
    <subfield code="0">0</subfield>
    <subfield code="1">0</subfield>
    <subfield code="4">0</subfield>
    <subfield code="7">0</subfield>
    <subfield code="8">NFIC</subfield>
    <subfield code="a">M</subfield>
    <subfield code="b">M</subfield>
    <subfield code="d">2018-07-03</subfield>
    <subfield code="e">Noth India NIP/287/17-18/28.11.2017/665/20.11.2017/13.01.2018</subfield>
    <subfield code="g">110.00</subfield>
    <subfield code="l">0</subfield>
    <subfield code="o">881 MOH</subfield>
    <subfield code="p">B-688320</subfield>
    <subfield code="r">2018-07-03 00:00:00</subfield>
    <subfield code="t">1</subfield>
    <subfield code="v">110.00</subfield>
    <subfield code="y">EN</subfield>
  </datafield>
  <datafield tag="952" ind1=" " ind2=" ">
    <subfield code="0">0</subfield>
    <subfield code="1">0</subfield>
    <subfield code="4">0</subfield>
    <subfield code="7">0</subfield>
    <subfield code="8">NFIC</subfield>
    <subfield code="a">M</subfield>
    <subfield code="b">M</subfield>
    <subfield code="d">2018-07-03</subfield>
    <subfield code="e">Noth India NIP/287/17-18/28.11.2017/665/20.11.2017/13.01.2018</subfield>
    <subfield code="g">110.00</subfield>
    <subfield code="l">0</subfield>
    <subfield code="o">881 MOH</subfield>
    <subfield code="p">B-688321</subfield>
    <subfield code="r">2018-07-03 00:00:00</subfield>
    <subfield code="t">1</subfield>
    <subfield code="v">110.00</subfield>
    <subfield code="y">EN</subfield>
  </datafield>
  <datafield tag="952" ind1=" " ind2=" ">
    <subfield code="0">0</subfield>
    <subfield code="1">0</subfield>
    <subfield code="4">0</subfield>
    <subfield code="7">0</subfield>
    <subfield code="8">NFIC</subfield>
    <subfield code="a">AV</subfield>
    <subfield code="b">AV</subfield>
    <subfield code="d">2018-07-03</subfield>
    <subfield code="e">Noth India NIP/287/17-18/28.11.2017/665/20.11.2017/13.01.2018</subfield>
    <subfield code="g">110.00</subfield>
    <subfield code="l">1</subfield>
    <subfield code="o">881 MOH</subfield>
    <subfield code="p">B-688322</subfield>
    <subfield code="r">2018-09-25 00:00:00</subfield>
    <subfield code="s">2018-09-20</subfield>
    <subfield code="t">1</subfield>
    <subfield code="v">110.00</subfield>
    <subfield code="y">EN</subfield>
  </datafield>
  <datafield tag="952" ind1=" " ind2=" ">
    <subfield code="0">0</subfield>
    <subfield code="1">0</subfield>
    <subfield code="4">0</subfield>
    <subfield code="7">0</subfield>
    <subfield code="8">NFIC</subfield>
    <subfield code="a">BL1</subfield>
    <subfield code="b">BL1</subfield>
    <subfield code="d">2018-07-03</subfield>
    <subfield code="e">Noth India NIP/287/17-18/28.11.2017/665/20.11.2017/13.01.2018</subfield>
    <subfield code="g">110.00</subfield>
    <subfield code="l">0</subfield>
    <subfield code="o">881 MOH</subfield>
    <subfield code="p">B-688323</subfield>
    <subfield code="r">2018-07-03 00:00:00</subfield>
    <subfield code="t">1</subfield>
    <subfield code="v">110.00</subfield>
    <subfield code="y">EN</subfield>
  </datafield>
  <datafield tag="952" ind1=" " ind2=" ">
    <subfield code="0">0</subfield>
    <subfield code="1">0</subfield>
    <subfield code="4">0</subfield>
    <subfield code="7">0</subfield>
    <subfield code="8">NFIC</subfield>
    <subfield code="a">KGM</subfield>
    <subfield code="b">KGM</subfield>
    <subfield code="d">2018-07-03</subfield>
    <subfield code="e">Noth India NIP/287/17-18/28.11.2017/665/20.11.2017/13.01.2018</subfield>
    <subfield code="g">110.00</subfield>
    <subfield code="l">0</subfield>
    <subfield code="o">881 MOH</subfield>
    <subfield code="p">B-688324</subfield>
    <subfield code="r">2018-07-03 00:00:00</subfield>
    <subfield code="t">1</subfield>
    <subfield code="v">110.00</subfield>
    <subfield code="y">EN</subfield>
  </datafield>
  <datafield tag="952" ind1=" " ind2=" ">
    <subfield code="0">0</subfield>
    <subfield code="1">0</subfield>
    <subfield code="4">0</subfield>
    <subfield code="7">0</subfield>
    <subfield code="8">NFIC</subfield>
    <subfield code="a">JP</subfield>
    <subfield code="b">JP</subfield>
    <subfield code="d">2018-07-03</subfield>
    <subfield code="e">Noth India NIP/287/17-18/28.11.2017/665/20.11.2017/13.01.2018</subfield>
    <subfield code="g">110.00</subfield>
    <subfield code="l">4</subfield>
    <subfield code="o">881 MOH</subfield>
    <subfield code="p">B-688325</subfield>
    <subfield code="r">2022-10-03 00:00:00</subfield>
    <subfield code="s">2022-09-19</subfield>
    <subfield code="t">1</subfield>
    <subfield code="v">110.00</subfield>
    <subfield code="y">EN</subfield>
  </datafield>
  <datafield tag="952" ind1=" " ind2=" ">
    <subfield code="0">0</subfield>
    <subfield code="1">0</subfield>
    <subfield code="4">0</subfield>
    <subfield code="7">0</subfield>
    <subfield code="8">NFIC</subfield>
    <subfield code="a">ZLS</subfield>
    <subfield code="b">ZLS</subfield>
    <subfield code="d">2018-07-03</subfield>
    <subfield code="e">Noth India NIP/287/17-18/28.11.2017/665/20.11.2017/13.01.2018</subfield>
    <subfield code="g">110.00</subfield>
    <subfield code="l">0</subfield>
    <subfield code="o">881 MOH</subfield>
    <subfield code="p">B-688326</subfield>
    <subfield code="r">2018-07-03 00:00:00</subfield>
    <subfield code="t">1</subfield>
    <subfield code="v">110.00</subfield>
    <subfield code="y">EN</subfield>
  </datafield>
  <datafield tag="952" ind1=" " ind2=" ">
    <subfield code="0">0</subfield>
    <subfield code="1">0</subfield>
    <subfield code="4">0</subfield>
    <subfield code="7">0</subfield>
    <subfield code="8">NFIC</subfield>
    <subfield code="a">NRR</subfield>
    <subfield code="b">NRR</subfield>
    <subfield code="d">2018-07-03</subfield>
    <subfield code="e">Noth India NIP/287/17-18/28.11.2017/665/20.11.2017/13.01.2018</subfield>
    <subfield code="g">110.00</subfield>
    <subfield code="l">0</subfield>
    <subfield code="o">881 MOH</subfield>
    <subfield code="p">B-688327</subfield>
    <subfield code="r">2018-07-03 00:00:00</subfield>
    <subfield code="t">1</subfield>
    <subfield code="v">110.00</subfield>
    <subfield code="y">EN</subfield>
  </datafield>
  <datafield tag="952" ind1=" " ind2=" ">
    <subfield code="0">0</subfield>
    <subfield code="1">0</subfield>
    <subfield code="4">0</subfield>
    <subfield code="7">0</subfield>
    <subfield code="8">NFIC</subfield>
    <subfield code="a">BKK</subfield>
    <subfield code="b">BKK</subfield>
    <subfield code="d">2018-07-03</subfield>
    <subfield code="e">Noth India NIP/287/17-18/28.11.2017/665/20.11.2017/13.01.2018</subfield>
    <subfield code="g">110.00</subfield>
    <subfield code="l">0</subfield>
    <subfield code="o">881 MOH</subfield>
    <subfield code="p">B-688328</subfield>
    <subfield code="r">2018-07-03 00:00:00</subfield>
    <subfield code="t">1</subfield>
    <subfield code="v">110.00</subfield>
    <subfield code="y">EN</subfield>
  </datafield>
  <datafield tag="952" ind1=" " ind2=" ">
    <subfield code="0">0</subfield>
    <subfield code="1">0</subfield>
    <subfield code="4">0</subfield>
    <subfield code="7">0</subfield>
    <subfield code="8">NFIC</subfield>
    <subfield code="a">NR</subfield>
    <subfield code="b">NR</subfield>
    <subfield code="d">2018-07-03</subfield>
    <subfield code="e">Noth India NIP/287/17-18/28.11.2017/665/20.11.2017/13.01.2018</subfield>
    <subfield code="g">110.00</subfield>
    <subfield code="l">0</subfield>
    <subfield code="o">881 MOH</subfield>
    <subfield code="p">B-688329</subfield>
    <subfield code="r">2018-07-03 00:00:00</subfield>
    <subfield code="t">1</subfield>
    <subfield code="v">110.00</subfield>
    <subfield code="y">EN</subfield>
  </datafield>
</record>
